Lecciones de algebra moderna

Gorde:
Xehetasun bibliografikoak
Egile Nagusiak: Dubreil, P (Egilea), Dubreil-Jacotin, M. L (Egilea)
Formatua: Liburua
Hizkuntza:gaztelania
Argitaratua: Barcelona Reverté 1965
Gaiak:
Etiketak: Etiketa erantsi
Etiketarik gabe, Izan zaitez lehena erregistro honi etiketa jartzen!

MARC

LEADER 00000nam a2200000 a 4500
001 UCZ9469
003 CL-VaPUC
008 960308e19650000SP |||||||||||||||||spa|d
082 0 4 |a 512  |b DUB  |2 21 
100 0 |a Dubreil, P  |e author  |9 354457 
700 0 |a Dubreil-Jacotin, M. L  |e author  |9 354458 
245 1 0 |a Lecciones de algebra moderna 
300 |a 434 p 
942 |c BK 
945 |d 19960308 00:00:00  |a mcarcey 
260 |a Barcelona  |b Reverté  |c 1965 
650 0 |a Matemática  |9 260235 
650 0 |a Álgebra  |9 259567 
650 0 |a Cálculo  |9 260234 
650 0 |a Ecuaciones  |9 260137 
650 7 |a AXIOMAS  |2 CL-VaPUC  |9 354459 
650 0 |a Álgebra de Boole  |9 270013 
650 0 |a Teoría de grupos   |9 270028 
583 |a last modification  |c 19960308 00:00:00  |k Rodrigo Vera 
999 |c 244776  |d 244774 
952 |0 0  |1 0  |4 0  |6 512_000000000000000_DUB_1965  |7 0  |8 A  |9 258963  |a BIBMAT  |b BIBMAT  |d 2019-11-19  |i 3150410  |o 512 DUB 1965  |p 3150410  |r 2025-01-07  |w 2019-11-19  |y BK  |k MAT 
952 |0 0  |1 0  |4 0  |6 512_000000000000000_DUB_1965  |7 0  |8 A  |9 258964  |a BIBMAT  |b BIBMAT  |d 2019-11-19  |i 1302809  |o 512 DUB 1965  |p 1302809  |r 2025-01-07  |w 2019-11-19  |y BK  |k MAT 
952 |0 0  |1 0  |4 0  |6 512_000000000000000_DUB_1965  |7 0  |8 A  |9 258965  |a BIBMAT  |b BIBMAT  |d 2019-11-19  |i 130285K  |o 512 DUB 1965  |p 130285K  |r 2025-01-07  |w 2019-11-19  |y BK  |k MAT